00827nam a22002897a 4500003000500000005001700005008004100022010001000063011001000073020002000083035001100103040000900114082002300123100002100146245010400167250001000271260003200281300004500313500005300358650001800411650001600429650001300445650001700458650001700475700002000492700002500512CHAP20220329143317.0080513d2005 ing r 00010 ing d a94793 a95765 a139780716743392 a106395 cCHAP00a574.192bN332200500aNelson, David L.10aLehninger :bPrinciples of biochemistryc/por Albert L. Lehninger, David L. Nelson y Michael M. Cox a4 ed. aNew York :bFreeman,cc2005 axxv, 1119 p. :bilus., gráfs., cuadros aAsentado previamente bajo : Lehninger, Albert L.14aBioquímica.14aCromosomas.14aEnzimas.14aMetabolismo.14aProteínas.0 aCox, Michael M.0 aLehninger, Albert L.